00490nam a2200193 a 4500001001300000003000900013005001700022008004100039020002200080082001600102100001600118245002100134260004000155300000800195500003500203505001000238650003200248700001600280nice12345678IN_TiNIC20260116015050.0050524s2000 hyda grp 000 0 eng  a8173711 c8000a658.45bMAC aMackay, Ian aListening Skills aHyderabadbUniversities Pressc2000 a62p aincludes index and biblioraphy2 aIndex aCommunication in Management1 aMackay, Ian